00365nam a2200109Ia 4500008004100000245005800041500002400099650002400123942000700147952008400154999001700238230524s9999 xx 000 0 und d 0aOffice Procedure Manual (Handbook of Govt. of Orissa) aQuantity Number: 1 aMiscellaneous91877 cBK 00104070aTATCLbTATCLcGENd2023-05-24l0p45629r2023-05-24w2023-05-24yBK c51161d51161